| Tag |
First Indicator |
Second Indicator |
Subfields |
| LEADER |
00000cam a2200000 a 4500 |
| 001 |
in00000919521 |
| 005 |
20150924170708.0 |
| 008 |
881230r1989 caua b 00100 eng c |
| 010 |
|
|
|a 88036438
|
| 020 |
|
|
|a 0127655603 (alk. paper)
|
| 035 |
|
|
|a (OCoLC)19064333
|
| 035 |
|
|
|9 AEP9210AM
|
| 040 |
|
|
|a DNLM/DLC
|c DLC
|d UtOrBLW
|
| 049 |
|
|
|a TXAM
|c [A13403387]
|
| 050 |
0 |
0 |
|a QH442
|b .R3828 1989
|
| 060 |
|
0 |
|a QU 58 R3123
|
| 082 |
0 |
|
|a 574.87/3282
|2 19
|
| 245 |
0 |
0 |
|a Recombinant DNA methodology /
|c edited by Ray Wu, Lawrence Grossman, Kivie Moldave.
|
| 264 |
|
1 |
|a San Diego :
|b Academic Press,
|c [1989]
|
| 264 |
|
4 |
|c ©1989
|
| 300 |
|
|
|a xxxi, 760 pages :
|b illustrations ;
|c 25 cm.
|
| 336 |
|
|
|a text
|b txt
|2 rdacontent
|
| 337 |
|
|
|a unmediated
|b n
|2 rdamedia
|
| 338 |
|
|
|a volume
|b nc
|2 rdacarrier
|
| 490 |
1 |
|
|a Selected methods in enzymology
|
| 500 |
|
|
|a Reprint of articles from volumes 68, 100, 101, 153, 154, and 155 of Methods in enzymology.
|
| 504 |
|
|
|a Includes bibliographical references and index.
|
| 650 |
|
0 |
|a Genetic engineering
|x Technique.
|
| 650 |
|
0 |
|a Recombinant DNA
|x Research
|x Methodology.
|
| 650 |
|
2 |
|a DNA, Recombinant
|x Collected works.
|
| 700 |
1 |
|
|a Wu, Ray.
|
| 700 |
1 |
|
|a Grossman, Lawrence,
|d 1924-2006.
|
| 700 |
1 |
|
|a Moldave, Kivie,
|d 1923-
|
| 730 |
0 |
|
|a Methods in enzymology.
|
| 830 |
|
0 |
|a Selected methods in enzymology.
|
| 999 |
|
|
|a MARS
|
| 999 |
f |
f |
|s 1ff5488c-5c78-360f-a2f6-ceb7ac7bf023
|i ed0441e2-6d16-39c7-bddf-7e9b8a335069
|t 0
|
| 952 |
f |
f |
|p normal
|a Texas A&M University
|b College Station
|c Sterling C. Evans Library
|d Evans: Library Stacks
|t 0
|e QH442 .R3828 1989
|h Library of Congress classification
|i unmediated -- volume
|m A14813403387
|
| 998 |
f |
f |
|a QH442 .R3828 1989
|t 0
|l Evans: Library Stacks
|